| 000 | 00834nam a22002537a 4500 | ||
|---|---|---|---|
| 999 |
_c4433 _d4433 |
||
| 001 | 18640 | ||
| 003 | BD-DhUAP | ||
| 005 | 20201117130740.0 | ||
| 008 | 201110r20122010ii aa b 011 0engg d | ||
| 020 | _a8121928133 | ||
| 040 |
_aDLC _cDLC _dBD-DhUAP _bEng |
||
| 082 | 0 | 0 |
_223 _a536.7 LAL |
| 100 | 1 |
_aLal, Brij. _920739 |
|
| 245 | 1 | 0 |
_aHeat thermodynamics and statistical physics : _bfor B. Sc. Classes as per UGC Model Syllabus / _cBrij Lal, N. Subrahmanyam and revised by P. S. Hemne. |
| 250 | _arev. ed. | ||
| 260 |
_aNew Delhi : _bS.Chand & Company Ltd., _cc2010 [Reprinted 2015]. |
||
| 300 |
_axix, 665 pages : _billustrations ; _c24 cm. |
||
| 500 | _aIncludes index. | ||
| 650 | _aThermodynamics | ||
| 650 | _aHeat. | ||
| 700 | 1 |
_aSubrahmanyam, N. _920741 |
|
| 942 |
_2ddc _cBK |
||